Statistics for Comarques de Catalunya en un mapa - Quiz

Click here to take the quiz!

General Stats

  • This quiz has been taken 38 times
  • The average score is 34 of 42

Answers on the Map

Answers color-coded by a green-red scale on the quiz's map according to % correct below.
 

Answer Stats

Municipality% Correct
Alt Empordà
100%
Aran
100%
Baix Empordà
100%
Barcelonès
93%
Garrotxa
93%
Gironès
93%
Maresme
93%
Selva
93%
Baix Ebre
87%
Baix Llobregat
87%
Pallars Jussà
87%
Segrià
87%
Tarragonès
87%
Vallès Occidental
87%
Vallès Oriental
87%
Alt Camp
80%
Anoia
80%
Baix Camp
80%
Berguedà
80%
Cerdanya
80%
Garraf
80%
Garrigues
80%
Noguera
80%
Osona
80%
Pla de l'Estany
80%
Ribera d'Ebre
80%
Ripollès
80%
Solsonès
80%
Terra Alta
80%
Urgell
80%
Alt Urgell
73%
Bages
73%
Moianès
73%
Montsià
73%
Pallars Sobirà
73%
Priorat
73%
Alta Ribagorça
67%
Alt Penedès
67%
Baix Penedès
67%
Conca de Barberà
67%
Pla d'Urgell
67%
Segarra
60%

Score Distribution

Percentile by Number Answered

Percent of People with Each Score

Your Score History

You have not taken this quiz